00506nam a2200193 a 4500001001300000003000900013005001700022008004100039020001200080082001900092100001900111245003400130260005100164300000800215500003500223505001000258650002500268700001900293nice12345678IN_TiNIC20260116014437.0050524s2002 wasa grp 000 0 eng  ac429.600a291.56242bSMO aSmock, David R aReligious Perspectives on War aWashingtonbUnited States Inst. of Peacec2002 a61p aincludes index and biblioraphy2 aIndex aWar-Religious Aspect1 aSmock, David R